000 004330000a22001570004500
041 0 _aENG
082 0 4 _aG 266.001 S6358r
245 1 0 _aReadings in missionary anthropology / William A. Smalley, Editor
260 _aTarrytown, N.Y., USA : Practical Antropology
300 _a368 Pag
001 7397
942 _cBK
999 _c37612
_d37612
336 _atexto
_btxt
_2rdacontent
337 _2rdamedia
_asin mediación
_bn
338 _2rdacarrier
_avolumen
_bnc